Mesa Redonda de Transporte Urbano con Participación Internacional: los Transportes y la Ciudad

Gespeichert in:
Bibliographische Detailangaben
1. Verfasser: Jeux, Alain (VerfasserIn)
Format: Buch
Sprache:Spanisch
Veröffentlicht: Santiago s.n 1980
Schlagworte:
Tags: Tag hinzufügen
Keine Tags, Fügen Sie den ersten Tag hinzu!

MARC

LEADER 00000nam a2200000 a 4500
001 UCU9651
003 CL-VaPUC
005 20211026074207.0
008 960823e19800000cl 1 spa d
082 0 4 |a 711.7  |b JEU  |2 21 
100 1 |a Jeux, Alain  |e author  |9 617979 
245 1 0 |a Mesa Redonda de Transporte Urbano con Participación Internacional: los Transportes y la Ciudad 
260 |a Santiago  |b s.n  |c 1980 
300 |a 18 p 
583 |a last modification  |c 20190821 10:22:58  |k Rodrigo Vera 
650 0 7 |a TRANSPORTE  |2 CL-VaPUC  |9 256365 
650 0 0 |a Transporte urbano  |9 260307 
650 0 0 |a Transporte público  |9 348060 
650 0 0 |a Tráfico  |9 263653 
650 0 7 |a TRANSPORTE DE PASAJEROS  |2 CL-VaPUC  |9 260885 
942 |c BK 
945 |a cmena  |d 19960823 00:00:00 
546 |a En Español 
518 |p Mesa Redonda de Transporte Urbano con Participación Internacional, 1, Santiago, 1 al 4 de Diciembre de 1980 
999 |c 382730  |d 382728 
952 |0 0  |1 0  |4 0  |6 711_700000000000000_JEU_1980  |7 0  |8 A  |9 504587  |a BIBING  |b BIBING  |d 2020-01-23  |i 1735632  |o 711.7 JEU 1980  |p 1735632  |r 2025-01-20  |w 2020-01-23  |y BK  |k TRA